| 000 | 00585cam a2200241 4500 | ||
|---|---|---|---|
| 001 | B1341 | ||
| 008 | 090401t1987 xxu||||| |||| 00| 0 eng d | ||
| 035 | _a(Sirsi) u43814 | ||
| 041 | _aeng | ||
| 050 | _a333.335 | ||
| 100 | _aParker, R.R. | ||
| 245 | _aLand values, farm rents & summer grazing rents | ||
| 260 |
_aLondon _bCountry Landowners Association _c1987 |
||
| 300 | _a14p. ; 21cm. | ||
| 350 | _a0 | ||
| 490 |
_aCLA Publication _vA13/87 |
||
| 650 | _aFARM LAND | ||
| 650 | _aGRAZING | ||
| 650 | _aLAND PRICES | ||
| 650 | _aRENT | ||
| 942 | _n0 | ||
| 948 | _c04/03/1997 | ||
| 999 |
_c91389 _d91389 |
||